000 00658nam a22002057a 4500
005 20251108164656.0
008 250721s2006 xx 000 0 ara d
082 1 4 _a‚216/تيم
100 1 _aابن تيمية،
245 1 0 _aاقتضاء الصراط المستقيم : مخالفة أصحاب الجحيم /
264 _bدار البيان العربي،
_c2006.
300 _a57ص.
650 1 7 _a‚الاسلام
650 1 7 _a‚الفقه الاسلامي
700 1 _aالألباني،
700 1 _aابن عثيمين،
700 1 _aالبسيوني، حامد بن أحمد الطاهر
942 _2ddc
_cBK
999 _c11556
_d11556